000 00431nam a2200133Ia 4500
008 100328s9999 xx 000 0 und d
082 _b17465
100 _aनागार्जुन
245 _aविद्यापति के गीत
260 _bशिक्षा भारती
630 _aविद्यापति के गीत
730 _aविद्यापति के गीत
942 _cBOOK
999 _c512037
_d512034